000
00276nam a2200109Ia 4500
008
190914s9999||||xx |||||||||||||| ||und||
100
_a
Horngren Sundem
245
0
_a
Introduction to Management Accounting
260
_a
New Delhi
_b
Pearson
_c
2004
300
_a
735
942
_c
BK
999
_c
9905
_d
9905